| 000 | 01122cab a2200289 4500 | ||
|---|---|---|---|
| 001 | ABS54520 | ||
| 008 | 090401t1996 xxu||||| |||| 00| 0 eng d | ||
| 035 | _a(Sirsi) u10942 | ||
| 041 | _aeng | ||
| 100 | _aRice, P. | ||
| 245 | _aProblems with doctors` surgeries | ||
| 260 | _c1996 | ||
| 350 | _a0 | ||
| 490 |
_aEstates Gazette _v(9607) 17 February 1996, 129-131 & 52(4) |
||
| 520 | _aDoctors` surgeries have often decreased in value in part because sale of NHS goodwill is illegal and because of `uncertanties and inconsistencies displayed by valuers`. This article suggests how, in light of new RICS guidelines, a better valuation approach may be achieved, examining the cost rent scheme and rent reimbursement criteria. | ||
| 650 | _aCOST RENT SCHEME | ||
| 650 | _aDOCTORS' SURGERIES | ||
| 650 | _aNHS ACT 1977 | ||
| 650 | _aNHS GOODWILL | ||
| 650 | _aRICS APPRAISAL AND VALUATION MANUAL | ||
| 650 | _aREIMBURSEMENT | ||
| 650 | _aSURGERIES | ||
| 650 | _aVALUATION APPROACH | ||
| 690 | _aPROPERTY-COMMERCIAL PROPERTY-COMMERCIAL PROPERTY APPRAISAL AND VALUATION | ||
| 942 | _n0 | ||
| 948 | _c04/03/1997 | ||
| 999 |
_c6970 _d6970 |
||